000 00944cam a2200229 i 4500
005 20260402095202.0
008 250721s2003 le gr 000 0 ara d
020 _a9953140324
082 1 4 _a364.13
_bف و د
100 1 _aفوده، يسرى
_eمؤلف.
245 1 2 _aالزئبق الأحمر :
_bالبحث عن قنبلة الرجل الفقير في مادة الزئبق الأحمر /
_cيسري فوده.
250 _aالطبعة الأولى.
264 3 1 _aبيروت :
_bالشركة العالمية للكتاب،
_c2003.
300 _a152 صفحة.
500 _aأن هذه إحدى حلقات البرنامج التلفزيوني في قناة الجزيرة : برنامج سري للغاية
650 1 7 _aالمخابرات الإسرائيلية.
650 1 7 _aالموساد.
650 1 7 _aالاغتيالات.
650 1 7 _aالجرائم.
942 _2ddc
_cBK
999 _c95409
_d95409